FOUNDATIONS IN MICROBIOLOGY (Record no. 5926)

MARC details
000 -LEADER
fixed length control field 00447nam a22001577a 4500
005 - DATE AND TIME OF LATEST TRANSACTION
control field 20240109151705.0
008 - FIXED-LENGTH DATA ELEMENTS--GENERAL INFORMATION
fixed length control field 190603b xxu||||| |||| 00| 0 eng d
020 ## - INTERNATIONAL STANDARD BOOK NUMBER
ISBN 976-81-85790-53-4
041 ## - LANGUAGE CODE
Language code of text/sound track or separate title eng
100 ## - MAIN ENTRY--AUTHOR NAME
Personal name PATIL, DR. ULHAS.,KULKARNI,DR. J.S. ,CHAUDHARI,DR. A.B.,AND CHINCHOLKAR,DR. S.B.
245 ## - TITLE STATEMENT
Title FOUNDATIONS IN MICROBIOLOGY
250 ## - EDITION STATEMENT
Edition statement 10th Ed,2018
260 ## - PUBLICATION, DISTRIBUTION, ETC. (IMPRINT)
Place of publication PUNE
Name of publisher NIRALI PRAKASHAN
300 ## - PHYSICAL DESCRIPTION
Number of Pages 1.10p,
942 ## - ADDED ENTRY ELEMENTS (KOHA)
Koha item type Books
Holdings
Lost status Damaged status Collection code Home library Current library Shelving location Date acquired Source of acquisition Cost, normal purchase price Accession Number Koha item type
    PHARMACY JRU Library JRU Library SHELF-17-G 03/06/2019 PURCHESS 270.00 22926 Books
    PHARMACY JRU Library JRU Library SHELF-17-G 03/06/2019 PURCHESS 270.00 22927 Books
    Reference JRU Library JRU Library SHELF-5-D 03/06/2019 PURCHESS 270.00 22928 Books